| 000 | 01299nam a22002777a 4500 | ||
|---|---|---|---|
| 005 | 20101206113148.0 | ||
| 008 | 101206t xxu||||| |||| 00| 0 hin d | ||
| 010 | _aHIN-93236 | ||
| 020 |
_c300.00 _a8188913251 |
||
| 035 | _aHN-65582 | ||
| 037 | _bDBAD/PUB | ||
| 040 |
_aDPL _bHN |
||
| 082 | _a230.91 | ||
| 100 |
_924598 _aदूबे, सावित्री |
||
| 245 |
_aचारधाम यात्राः _cसावित्री दूबे _bबद्रीनाथ-धाम,रामेस्वरम, द्वारकाधीश दर्शन एवं जगन्नाथपुरी यात्रा का रोचक वर्णन / |
||
| 246 |
_aChaar dhaam Yatra _bby Savitri Dubey |
||
| 260 |
_aदिल्ली _bग्रंथ सदन _c2010 |
||
| 270 |
_bदिल्ली _a27/109-ए/3, ज्वाला नगर _e110032 |
||
| 300 |
_a184पृ. _c22सेमी (सजिल्द) _bसचित्र |
||
| 650 | _91169 | ||
| 650 | _929580 | ||
| 700 | _924599 | ||
| 700 | _924924 | ||
| 942 |
_2ddc _cHN _mदूबेसा _h230.91 |
||
| 999 |
_c53954 _d53954 |
||